Вып. 8; Полупроводниковые приборы и их применение

Detalles Bibliográficos
Parent link:Полупроводниковые приборы и их применение: сборник статей/ под ред. Я. А. Федотова. Вып. 8.— , 1956-
Lenguaje:ruso
Publicado: 1962
Materias:
Formato: MixedMaterials Libro
KOHA link:https://koha.lib.tpu.ru/cgi-bin/koha/opac-detail.pl?biblionumber=304378

MARC

LEADER 00000nam2a2200000 4500
001 304378
005 20231102001708.0
035 |a (RuTPU)RU\TPU\book\329625 
035 |a RU\TPU\book\320715 
090 |a 304378 
100 |a 20150914d1962 k y0rusy50 ca 
101 0 |a rus 
102 |a RU 
105 |a a z 001zy 
200 0 |a Вып. 8 
210 |d 1962 
215 |a 335 с.  |c ил. 
320 |a Библиогр. в конце ст. 
461 1 |0 (RuTPU)RU\TPU\book\223313  |t Полупроводниковые приборы и их применение  |o сборник статей  |f под ред. Я. А. Федотова  |v Вып. 8  |d 1956-  
606 1 |a Полупроводниковые приборы  |x Применение  |2 stltpush  |3 (RuTPU)RU\TPU\subj\50681  |9 69332 
610 1 |a применение 
610 1 |a технологии 
610 1 |a исследование 
610 1 |a диоды 
610 1 |a усилители 
610 1 |a схемы 
610 1 |a переключатели 
610 1 |a питание 
675 |a 621.382.004  |v 3 
801 1 |a RU  |b 63413507  |c 20040426  |g PSBO 
801 2 |a RU  |b 63413507  |c 20200916  |g PSBO 
942 |c BK